| 000 | 00515nam a2200253Ia 4500 | ||
|---|---|---|---|
| 001 | 073526 | ||
| 003 | YMCAF | ||
| 005 | 20230512160842.0 | ||
| 008 | 100717s1998 ||||||||||||||||| ||und|d | ||
| 020 | _a- | ||
| 024 | _a73526 | ||
| 035 | _a12989 | ||
| 040 |
_aYMCAF _beng _cIN-KoLT |
||
| 041 | _aeng | ||
| 082 | _aELC-BUI | ||
| 100 | _aBHATRALCHUQA | ||
| 245 | 0 | _aELCT DESIGN/ ESTIBLES | |
| 250 | _a- | ||
| 260 |
_bKHANNA BOOK PUB _c1998 |
||
| 300 | _a0 | ||
| 653 | _a- | ||
| 653 | _a- | ||
| 942 |
_2ddc _cBK |
||
| 999 |
_c6805 _d6805 |
||